BLACKPINK Multiple Choice Quiz (2023) - Statistics

General Stats
  • This quiz has been taken 681 times
  • The average score is 9 of 10
Answer Stats
Question Answer % Correct
What is their fandom name? BLINK
99%
Which of these is Jisoo’s solo title track Flower
97%
Which entertainment agency is BLACKPINK under? YG
96%
What is the name of their collaboration with Dua Lipa Kiss and Make Up
95%
Who is the Main Vocalist Rosè
93%
Which 2 songs did they debut with? Boombayah, Whistle
90%
What was their debut date? 8 August 2016
84%
What is the name of their second full length album, released in 2022? Born Pink
82%
Which year did they make their Coachella debut 2019
74%
Who is the lead rapper? Lisa
57%
No matching quizzes found
Score Distribution
Percent of People with Each Score
Percentile by Number Answered
Your Score History
You have not taken this quiz